Sprunki Characters - Statistics

General Stats
  • This quiz has been taken 202 times
  • The average score is 16 of 20
Answer Stats
Color Sprunki % Correct
Orange Oren
98%
Red Raddy
96%
Gray Gray
91%
Blue,Gray,Yellow,Black Fun Bot
85%
Brown,Gray brud
84%
Black Black
83%
Yellow Simon
83%
Sky Blue Sky
83%
Silver Clukr
82%
Pink Pinki
82%
Blue Jevin
81%
White Wenda
81%
Purple Durple
79%
Green,Pink,Yellow Vineria
79%
Brown,Black,White,Red,Blue,Green,Yellow,Gray Mr Fun Computer
78%
Tan,Brown Tunner
78%
Yellow,Black,Orange Mr Sun
77%
Gold,Black Garnold
76%
Brown,Black,Green Mr Tree
76%
Lime OWAKCX
69%
No matching quizzes found
Score Distribution
Percent of People with Each Score
Percentile by Number Answered
Your Score History
You have not taken this quiz